La matemática y su didáctica en el primero y el segundo ciclos de la E.G.B.: un enfoque constructivista

Saved in:
書目詳細資料
主要作者: Dallura, Lucía (Author)
格式: 圖書
語言:西班牙语
出版: Buenos Aires Aique 1999
版:1a. ed
叢編:Carrera Docente
主題:
標簽: 添加標簽
沒有標簽, 成為第一個標記此記錄!

MARC

LEADER 00000nam a2200000 a 4500
001 UCK7341
003 CL-VaPUC
008 051118e19990000AG |||||||||||||||||spa|d
020 |a 9507015337 
082 0 4 |a 372.7  |b DAL  |2 21 
100 0 |a Dallura, Lucía  |e author  |9 496856 
245 1 3 |a La matemática y su didáctica en el primero y el segundo ciclos de la E.G.B.: un enfoque constructivista 
250 |a 1a. ed 
300 |a 199 p 
942 |c BK 
945 |d 20051118 00:00:00  |a cmena 
260 |a Buenos Aires  |b Aique  |c 1999 
650 0 |a Matemáticas  |x Enseñanza  |9 875527 
650 0 |a Educación básica   |9 224933 
650 0 |a Métodos de enseñanza  |9 270413 
650 0 |a Planificación del currículo  |9 269599 
583 |a last modification  |c 20051118 00:00:00  |k Rodrigo Vera 
490 0 |a Carrera Docente 
999 |c 315326  |d 315324 
952 |0 0  |1 0  |4 0  |6 372_700000000000000_DAL_1999  |7 0  |8 A  |9 388430  |a BIBEDU  |b BIBEDU  |d 2019-11-22  |i 4182804  |o 372.7 DAL 1999  |p 4182804  |r 2019-11-22  |w 2019-11-22  |y BK  |k EBA